|
|
|
|
| LEADER |
00000cam a2200000 7i4500 |
| 001 |
0000002661 |
| 005 |
20030930.0 |
| 020 |
0 |
0 |
|a 0521791677
|
| 090 |
0 |
0 |
|a R333.751370959
|b ROS 2001
|
| 100 |
1 |
0 |
|a ROSS
|h Michael Lewin
|c 1961-
|
| 245 |
1 |
0 |
|a Timber booms and institutional breakdown in Southeast Asia
|c Michael L. Ross
|
| 260 |
0 |
0 |
|a Cambridge :
|b Universityt Press ,
|c 2001
|
| 300 |
|
|
|a xvi, 237 p. :
|b ill. ;
|c 24 cm.
|
| 440 |
0 |
0 |
|a Political economy of institutions and decisions
|
| 500 |
0 |
0 |
|a Includes bibliography : p. 209-228 and index
|
| 650 |
0 |
0 |
|a Forest management
|x Environmental aspects
|z Asia, Southeastern
|
| 650 |
0 |
0 |
|a Forest policy
|x Environmental aspects
|z Asia, Southeastern
|
| 650 |
0 |
0 |
|a Logging
|x Economic aspects
|z Asia, Southeastern
|
| 650 |
0 |
0 |
|a Rent (Economic theory)
|
| 650 |
0 |
0 |
|a Timber
|x Economic aspects
|z Asia, Southeastern
|
| 998 |
|
|
|a JPSM
|
| 999 |
|
|
|a 0000005066
|b Monograph
|c Reference
|e Default branch
|